| 000 | 03605nam a22002657a 4500 | ||
|---|---|---|---|
| 001 | 216216928 | ||
| 003 | UA-OsUOA | ||
| 005 | 20201117124023.0 | ||
| 008 | 200421b un ||||| m||| 00| 0 ukr d | ||
| 040 |
_aUA-OsUOA _bukr _cUA-OsUOA _dUA-OsUOA |
||
| 041 | _aukr | ||
| 080 | _a343.983.25 | ||
| 090 | _a343.983.25 | ||
| 095 |
_a12.00.09 _bкримінальний процес та криміналістика; судова експертиза; оперативно-розшукова діяльність |
||
| 100 | _aГонгало С. Й. | ||
| 245 |
_aСудова техніко-криміналістична експертиза документів: сучасні можливості дослідження та перспективи розвитку _cГонгало Сергій Йосипович ; наук. керівник Клименко Ніна Іванівна |
||
| 260 |
_aКиїв _c2013 |
||
| 300 | _a20 с. | ||
| 502 |
_6Автореферат дисертації на здобуття наукового ступеня кандидата юридичних наук
_cКиївський національний університет імені Тараса Шевченка _d2013 |
||
| 520 | _aДисертація присвячена комплексному дослідженню проведення судової техніко-криміналістичної експертизи документів, сучасним можливостям і перспективам розвитку. Судова техніко-криміналістична експертиза документів призначається при розслідуванні різних злочинів: крадіжок, шахрайства, злочинів в сфері економіки, фальшивомонетництва тощо і становить від загальної кількості проведених криміналістичних експертиз 4% в експертних підрозділах ДНДЕКЦ МВС України та 20% в підрозділах НДІСЕ Міністерства юстиції України. Працівникам правоохоронних органів слід знати можливості експертних досліджень традиційних документів і їх сучасних аналогів. На основі аналізу праць вітчизняних і зарубіжних вчених-криміналістів визначено генезу поняття "документ", надано класифікацію документів за способом виготовлення та функціональним призначенням і показані можливості їх дослідження. Розглянуті традиційні та нові експертні методики. Показані перспективи вдосконалення їх дослідження і розвитку. Розкрито значення висновку експерта техніко-криміналістичного дослідження документів як джерела доказів у кримінальному судочинстві. | ||
| 650 |
_2UDC _a343 Кримінальне право. Карні порушення |
||
| 942 |
_2udc _cAR |
||
| 955 | _a1 | ||
| 999 |
_c458944 _d458944 |
||